000 00634nam a2200193 a 4500
008
049 _aMAIN
090 _aJF1321 DEF
245 0 _aDefining public administration: selections from the International Encyclopedia of Public Policy and Administration/editor in chief, Jay M.Shafritz
260 _aBoulder, Colarado :
_bWestview Press ,
_c 2000
300 _ax, 454 p. ;
_c22 cm.
500 _aIncludes Index
650 _aPublic administration
907 _a.b10174114
_b24-01-07
_c01-09-05
003
005 20230123134102.0
040 _cNUST
942 _cBOOKS
_kJF1321 DEF
999 _c159800
_d159800